000 00285nam a22001217a 4500
020 _aMACL
082 _a920/SHI
100 _aShrivastava Mrinalini
_983525
245 _aATAL BIHARI VAJPAYEE
_bBorn Patriot
260 _aNEW DELHI
_bManas Pub.
_c2020
650 _aBiography
942 _cBK
999 _c68470
_d68470